Music Quiz

Random Music or Clickable Quiz
Score 0/12 Timer 06:00
0 Plays Today
% Correct
Beautiful Day
94%
New Year's Day
91%
Where The Streets Have No Name
91%
Numb
89.6%
The Saints Are Coming
89.6%
Mysterious Ways
89.6%
I Still Haven't Found What I'm Looking For
88.1%
Hold Me, Thrill Me, Kiss Me, Kill Me
88.1%
Sweetest Thing
85.1%
Song For Someone
85.1%
Sometimes You Can't Make It On Your Own
77.6%
Window In The Skies
70.1%
Remove Ads.
Support Sporcle.
Get the best of Sporcle when you Go Orange. This ad-free experience offers more features, more stats, and more fun while also helping to support Sporcle. Thank you for becoming a member.

You're not logged in!

Compare scores with friends on all Sporcle quizzes.
OR
Log In

Show Comments

Extras

Top Quizzes Today


Score Distribution

Your Account Isn't Verified!

In order to create a playlist on Sporcle, you need to verify the email address you used during registration. Go to your Sporcle Settings to finish the process.

Report this User

Report this user for behavior that violates our Community Guidelines.

Details: